000 00307nam a22001337a 4500
008 170418b xxu||||| |||| 00| 0 eng d
020 _a9780721659077
041 _aeng
080 _a573
100 _a11
101 _aSHM
245 _aATLAS OF LYMPHOID HYPERPLASIA AND LYMPHOMA
_cFERRY
942 _2udc
_cBK
999 _c11060
_d11060